Reality Competition Shows by Clue - Statistics

General Stats
  • This quiz has been taken 28 times
  • The average score is 10 of 17
Answer Stats
Hint Answer % Correct
Contestants are marooned in an isolated location, where they must provide basic survival necessities for themselves, while voting each other out one by one. Survivor
95%
Variety talent show, showcasing talent in particular nations, where contestants perform for a panel of celebrities for a cash prize. Got Talent
86%
Housemates/houseguests live together in a specially constructed house, isolating them from the outside world, while being filmed, contestants are evicted one by one. Big Brother
81%
Teams of two attempt to beat each other travelling around the world, facing cultural-based challenges along the way. The Amazing Race
81%
Singing competition where judges will spin around in their chairs if they decide they want a contestant on their team. The Voice
81%
Show featuring a group of "single" contestants, known as "islanders" who are sourced from agencies, and live together in a specially constructed villa, in an attempt to "find love". Love Island
71%
A single man is met with a pool of romantic interests of whom he must select a potential life-partner from. The Bachelor
71%
Competition where men dressed up as women compete based on who possesses the traits of "charisma, uniqueness, nerve, and talent". Drag Race
67%
Celebrities hidden under extravagant costumes perform for a panel who attempt to guess who is behind each costume. The Masked Singer
67%
Contestants compete to win a contract with a major modelling agency and a cover shoot and fashion photo spread in a fashion magazine. Top Model
57%
Show aiming to discover the culinary talent of chefs of varying skill levels, through a series of cooking challenges, watched over by various acclaimed food critics and chefs. Masterchef
52%
Show depicting contestants with various professional backgrounds in competition to become a trainee to a businessperson. The Apprentice
48%
Obese contestants must train and diet excessively to lose enough weight weekly to survive elimination. The Biggest Loser
43%
Originally a replacement for the Pop Idol format, contestants must sing for a panel of judges, who will decide weather contestants are eligible to advance to the next round. The X Factor
43%
Contestants work as a group to add money to a pot that only one of them will eventually win, but one “contestant” is an undercover actor. The Mole
38%
Celebrities live in a jungle-like environment until the last remaining is crowned “King” or “Queen of the Jungle”. I’m a Celebrity…Get Me Out of Here!
33%
Show where amateur/semi-professional dancers must adapt to learn multiple styles of dance. So You Think You Can Dance
24%
No matching quizzes found
Score Distribution
Percent of People with Each Score
Percentile by Number Answered
Your Score History
You have not taken this quiz